El alcoholismo en la juventud / (Record no. 1447)

MARC details
000 -CABECERA
campo de control de longitud fija 00584nam a2200205 a 4500
005 - FECHA Y HORA DE LA ÚLTIMA TRANSACCIÓN
campo de control 20240910064052.0
008 - ELEMENTOS DE LONGITUD FIJA--INFORMACIÓN GENERAL
campo de control de longitud fija 991125s1995 mx 000 0 spa u
020 ## - NÚMERO INTERNACIONAL NORMALIZADO PARA LIBROS
Número Internacional Estándar del Libro 9684612184
035 ## - NÚMERO DE CONTROL DEL SISTEMA
Número de control de sistema UPN01000001447
049 ## - COLECCIÓN
Colección CG
050 #4 - SIGNATURA TOPOGRÁFICA DE LA BIBLIOTECA DEL CONGRESO
Número de clasificación HV5135
Número de documento/Ítem N628
100 1# - ASIENTO PRINCIPAL--NOMBRE PERSONAL
Nombre de persona North, Robert
245 13 - MENCIÓN DE TÍTULO
Título El alcoholismo en la juventud /
Mención de responsabilidad, etc. Robert North, Richard Orange ; tr. Haroldo Dies.
260 ## - PUBLICACIÓN, DISTRIBUCIÓN, ETC.
Lugar de publicación, distribución, etc. México :
Nombre del editor, distribuidor, etc. Arbol,
Fecha de publicación, distribución, etc. 1995.
300 ## - DESCRIPCIÓN FÍSICA
Extensión 143 p.
650 #4 - ASIENTO SECUNDARIO DE MATERIA - TERMINO TEMATICO
Término de materia o nombre geográfico como elemento de entrada ALCOHOL -
Subdivisión general EFECTOS FISIOLOGICOS
9 (RLIN) 2109
650 #4 - ASIENTO SECUNDARIO DE MATERIA - TERMINO TEMATICO
Término de materia o nombre geográfico como elemento de entrada Alcoholismo
9 (RLIN) 2121
700 1# - ASIENTO SECUNDARIO--NOMBRE DE PERSONAL
Nombre de persona Orange, Richard,
Término indicativo de función/relación coaut.
905 ## - TIPO DE MATERIAL
Tipo de material Libro
Holdings
Estado de retiro Estado de pérdida Fuente del sistema de clasificación o colocación Estado dañado No para préstamo Código de colección Localización permanente Ubicación/localización actual Ubicación en estantería Total de préstamos Clasificación Código de barras Fecha visto por última vez Fecha del último préstamo Número de copia Tipo de ítem Koha
    Library of Congress Classification     Colección General Bib. Gregorio Torres Quintero Bib. Gregorio Torres Quintero Planta baja 57 HV5135 N628 190935 02/06/2025 19/05/2025 1 Libro
    Library of Congress Classification     Colección General Bib. Gregorio Torres Quintero Bib. Gregorio Torres Quintero Planta baja 45 HV5135 N628 154254 31/12/2020   1 Libro
    Library of Congress Classification     Colección General Bib. Gregorio Torres Quintero Bib. Gregorio Torres Quintero Planta baja 45 HV5135 N628 154253 31/12/2020   1 Libro